[Event "Wch Blitz"]
[Site "Riadh"]
[Date "2017.12.30"]
[Round "14"]
[White "Shytaj, Luca"]
[Black "Malakhatko, Vadim"]
[Result "1-0"]
[WhiteElo "2459"]
[BlackElo "2542"]
[PlyCount "47"]
[EventDate "2017.12.29"]
[EventType "swiss (blitz)"]
[EventRounds "21"]
[EventCountry "SAU"]
[SourceTitle "CBM 182 Extra"]
[Source "ChessBase"]
[SourceDate "2018.02.23"]
[SourceVersion "1"]
[SourceVersionDate "2018.02.23"]
[SourceQuality "1"]

1. b3 d5 2. Bb2 Bg4 3. h3 Bh5 4. g4 Bg6 5. Bg2 e6 6. e3 h5 7. Nf3 hxg4 8. hxg4 Rxh1+ 9. Bxh1 Nd7 10. d3 Nh6 11. g5 Nf5 12. Nbd2 Bh5 13. Qe2 Be7 14. e4 dxe4 15. dxe4 Nh4 16. Qb5 Nxf3+ 17. Bxf3 Bxf3 18. Nxf3 Rb8 19. 0-0-0 c6 20. Qe2 Bxg5+ 21. Kb1 Bf6 22. Ne5 Bxe5 23. Bxe5 Rc8 24. Qh5 1-0

[Event "Wch Blitz"]
[Site "Riadh"]
[Date "2017.12.30"]
[Round "20"]
[White "Shytaj, Luca"]
[Black "Omar, Noaman"]
[Result "1-0"]
[WhiteElo "2459"]
[BlackElo "2364"]
[PlyCount "129"]
[EventDate "2017.12.29"]
[EventType "swiss (blitz)"]
[EventRounds "21"]
[EventCountry "SAU"]
[SourceTitle "CBM 182 Extra"]
[Source "ChessBase"]
[SourceDate "2018.02.23"]
[SourceVersion "1"]
[SourceVersionDate "2018.02.23"]
[SourceQuality "1"]

1. b3 d5 2. Bb2 c5 3. f4 Nc6 4. Nf3 Bg4 5. e3 e6 6. h3 Bxf3 7. Qxf3 Nf6 8. g4 Qc7 9. Bg2 0-0-0 10. d3 e5 11. fxe5 Nxe5 12. Qf5+ Ned7 13. 0-0 Qg3 14. Qf3 Qxf3 15. Bxf3 h6 16. Nc3 Ne5 17. Bg2 Ng6 18. Ne2 Be7 19. Nf4 Nh4 20. Bh1 Rhe8 21. Rae1 Rf8 22. Bxf6 Bxf6 23. Nxd5 Be5 24. c4 f5 25. gxf5 Nxf5 26. Be4 Nh4 27. Rxf8 Rxf8 28. Bg2 b6 29. Rf1 Rxf1+ 30. Kxf1 Kd7 31. Be4 Ke6 32. b4 g5 33. bxc5 bxc5 34. a4 a5 35. Nb6 Bc7 36. Nd5 Be5 37. Ke2 h5 38. Kd2 Kd6 39. Ke2 Ke6 40. Bf3 Nf5 41. Kf2 Bg3+ 42. Kg2 h4 43. Bg4 Ke5 44. Bxf5 Kxf5 45. Kf3 Bd6 46. Nc3 Be7 47. Ne4 g4+ 48. hxg4+ Ke5 49. Nf2 Bg5 50. Nh3 Be7 51. Nf4 Bg5 52. Ng6+ Kf6 53. Nf4 Ke5 54. Ne2 Bh6 55. d4+ cxd4 56. exd4+ Kd6 57. Nc3 Bg7 58. Ne4+ Kc6 59. d5+ Kd7 60. g5 Be5 61. Kg4 Ke7 62. Kxh4 Kf7 63. Kg4 Kg6 64. d6 Kf7 65. Kf5 1-0